| 000 | 00504nam a2200181Ia 4500 | ||
|---|---|---|---|
| 999 |
_c15044 _d15044 |
||
| 003 | OSt | ||
| 005 | 20201113153853.0 | ||
| 008 | 190216s9999||||xx |||||||||||||| ||und|| | ||
| 040 | _coclc | ||
| 082 |
_a428.4 _bLEW/H |
||
| 100 |
_aLewis, Norman _96055 |
||
| 245 | 0 |
_aHow To Read Better & Faster / _cNorman Lewis |
|
| 250 | _a4 Ed. | ||
| 260 |
_bGoyal Saab Jawahar Nagar, _c1980. _aDelhi: |
||
| 300 | _a237p | ||
| 650 | _aEnglish | ||
| 942 |
_cBK _2ddc _h428.4 _iLEW/H _k428.4 _mLEW/H |
||